| 000 | 01289cam a2200385 i 4500 | ||
|---|---|---|---|
| 001 | 200441922 | ||
| 999 |
_c200441922 _d60134 |
||
| 003 | TR-AnTOB | ||
| 005 | 20240827114447.0 | ||
| 007 | ta | ||
| 008 | 750607s1975 nyua 001 0 eng | ||
| 040 |
_aDLC _beng _erda _cDLC _dUKM _dOCLCQ _dCIN _dTR-AnTOB |
||
| 041 | 0 | _aeng | |
| 050 | 0 | 0 |
_aTP200 _b.F35 1975 |
| 090 |
_aTOBBK TP200 _b.F35 1975 |
||
| 100 | 1 |
_aFaith, William Lawrence, _d1907-1979 _9131375 |
|
| 240 | 1 | 0 | _aIndustrial chemicals |
| 245 | 1 | 0 | _aFaith, Keyes, and Clark's Industrial chemicals. |
| 250 |
_a4th ed. / _bFrederick A. Lowenheim, Marguerite K. Moran |
||
| 264 | 1 |
_aNew York : _bWiley, _c[1975] |
|
| 300 |
_ax, 904 pages : _bgraphics ; _c24 cm |
||
| 336 |
_2rdacontent _atext _btxt |
||
| 337 |
_2rdamedia _aunmediated _bn |
||
| 338 |
_2rdacarrier _avolume _bnc |
||
| 500 | _a"A Wiley-Interscience publication." | ||
| 500 | _aFirst-3d ed. published under title: Industrial chemicals | ||
| 500 | _aIncludes indexes | ||
| 650 | 0 |
_aChemical industry _931935 |
|
| 653 | _aIndustrial chemicals Encyclopaedias | ||
| 700 | 1 |
_aLowenheim, Frederick Adolph, _d1909-1980 _9131376 |
|
| 700 | 1 |
_aMoran, Marguerite K. _9131377 |
|
| 740 | 0 | _aIndustrial chemicals | |
| 942 |
_2z _cBK |
||